00731nam a2200229 a 4500001001300000003000900013005001700022008004100039020002300080082002200103100002200125245007000147260004400217300000900261500003500270505002700305650001600332902000800348942000700356952012300363999001500486nice12345678IN_TiNIC20260116013043.0050524s1999 newa grp 000 0 eng  a019565 c59500a306.0899145bGUH1 aGuha, Ramachandra aInstitutions and Inequalities, Essays in Honour of Andre Beteille aNew DlhibOxford University Pressc1999 a302p aincludes index and biblioraphy2 aAcknowledgement, Notes aCaste-India bSRS cBK 001040708StackRoom-aHMIbHMId2007-03-30g595.00l0o306.0899145 GUH1p019516r2007-03-30v595.00w2005-05-24yBK c9451d9451